Calico ghost town : S. California's greatest silver camp.

Bibliographic Details
Corporate Author: Knott's Berry Farm
Format: Book
Language:English
Published: Ghost Town, Calif. : Knott's Berry Farm, [1966?]
Subjects:

MARC

Tag First Indicator Second Indicator Subfields
LEADER 00000cam a2200000 a 4500
001 in00000073837
005 20151008054723.0
008 820419c19661959caua 00000 engmd
035 |a (OCoLC)08352287 
035 |9 AAJ1489AM 
040 |a TXA  |c TXA  |d UtOrBLW 
043 |a n-us-ca 
049 |a TXAS  |c [1422221] 
090 |a F869.C146  |b C3 1966 
245 0 0 |a Calico ghost town :  |b S. California's greatest silver camp. 
264 1 |a Ghost Town, Calif. :  |b Knott's Berry Farm,  |c [1966?] 
264 4 |c ©1959 
300 |a 48 pages :  |b chiefly illustrations ;  |c 22 cm. 
336 |a text  |b txt  |2 rdacontent 
337 |a unmediated  |b n  |2 rdamedia 
338 |a volume  |b nc  |2 rdacarrier 
500 |a Cover title. 
500 |a Publication date inferred from data on page 1. 
500 |a Portions of this work have previously appeared in various publications. 
650 0 |a Extinct cities  |z California. 
651 0 |a Calico (Calif.) 
651 0 |a California  |x History  |y 1850-1950. 
710 2 |a Knott's Berry Farm. 
999 |a MARS 
999 f f |s c16b3cf2-f032-3a72-bf80-00fd462c84ce  |i c4f7742e-0b22-3793-808d-224954e7adf9  |t 0 
952 f f |p noncirc  |a Texas A&M University  |b College Station  |c Cushing Memorial Library & Archives  |d Cushing: Dykes (Does not check out)  |t 0  |e F869.C146 C3 1966  |h Library of Congress classification  |i unmediated -- volume  |m A14851738758 
998 f f |a F869.C146 C3 1966  |t 0  |l Cushing: Dykes (Does not check out)